000
00501nam a2200181Ia 4500
008
090124s9999 xx 000 0 und d
082
_b
123841
100
_a
रांगणेकर कुमुदिनी
245
_a
नकळत
250
_a
1
260
_c
1990
300
_a
187
600
_a
रांगणेकर कुमुदिनी
630
_a
नकळत
700
_a
रांगणेकर कुमुदिनी
730
_a
नकळत
942
_c
BOOK
999
_c
169928
_d
169928